Psychology (Record no. 20597)

MARC details
000 -LEADER
fixed length control field 00317nam a22001337a 4500
008 - FIXED-LENGTH DATA ELEMENTS--GENERAL INFORMATION
fixed length control field 240312b |||||||| |||| 00| 0 eng d
020 ## - INTERNATIONAL STANDARD BOOK NUMBER
ISBN 9789356060760
100 ## - MAIN ENTRY--AUTHOR NAME
Personal name S. K. Ciccarelli & J. N. White
245 ## - TITLE STATEMENT
Title Psychology
250 ## - EDITION STATEMENT
Edition statement 6th Ed
260 ## - PUBLICATION, DISTRIBUTION, ETC. (IMPRINT)
Place of publication Noida
Name of publisher Pearson
Year of publication 2024
300 ## - PHYSICAL DESCRIPTION
Number of Pages 679
942 ## - ADDED ENTRY ELEMENTS (KOHA)
Source of classification or shelving scheme Dewey Decimal Classification
Koha item type Books
Holdings
Accession Number Bill Date Source of acquisition Price effective from Koha item type Withdrawn / writtenoff status Damaged status Not for loan Permanent Location Current Location Shelving location Date acquired Lost/ Missing status department
B.COM 209 05-03-2024 Radha Krishna Anand & Co, Jammu 03/12/2024 Books     Not For Loan MIET Library, Jammu MIET Library, Jammu 192/2 03/05/2024   B.COM
B.COM 210 05-03-2024 Radha Krishna Anand & Co, Jammu 03/12/2024 Books       MIET Library, Jammu MIET Library, Jammu 191/6 03/05/2024   B.COM
B.COM 211 05-03-2024 Radha Krishna Anand & Co, Jammu 03/12/2024 Books       MIET Library, Jammu MIET Library, Jammu 191/6 03/05/2024   B.COM
B.COM 212 05-03-2024 Radha Krishna Anand & Co, Jammu 03/12/2024 Books       MIET Library, Jammu MIET Library, Jammu 191/6 03/05/2024   B.COM
B.COM 213 05-03-2024 Radha Krishna Anand & Co, Jammu 03/12/2024 Books       MIET Library, Jammu MIET Library, Jammu 191/6 03/05/2024   B.COM